000
00331nam a2200133Ia 4500
008
231017s9999 xx 000 0 und d
082
_a
620.11232
082
_b
CAR
245
0
_a
Dynamic Modulus Performance of IDIOT Mixtures
245
0
_c
Samuel H. Carpenter
260
_b
Samuel H. Carpenter
300
_c
30cm
942
_c
REP
999
_c
603900
_d
603900